000 01035nam a2200313 i 4500
001 bg
100 1 _aJOHNS, Ted
245 1 0 _aDoskonałe zarządzanie czasem :
_bwszystko, czego potrzebujesz, aby udało ci się za pierwszym razem /
_cTed Johns ; przeł. Bożena Jóźwiak.
246 _iTyt. oryg.:
_aPerfect time management
250 _aWyd. 1 (dodr.).
260 _aPoznań :
_bDom Wydawniczy "Rebis",
_c2003.
300 _a174, [2] s. ;
_c20 cm.
490 1 _aPoradnik Doskonały
500 _aTyt. oryg.: "Perfect time management" 1993.
504 _aBibliogr.
650 9 _aCzas
_xorganizacja
650 9 _aPrakseologia
655 _aPoradniki
700 1 _aJÓŹWIAK, Bożena.
_eTł.
830 _aPoradnik Doskonały
020 _a8371208758
040 _cBPK
041 1 _apol
_heng
080 _a331.103:65.011](083.1)
920 _a83-7120-875-8
942 _cKS
008 s pl f |000 0 pol
999 _c44917
_d44917
856 _uhttp://koha.tu.koszalin.pl/cgi-bin/koha/opac-detail.pl?biblionumber=44917
_yKatalog online BPK